00473nam a2200193 a 4500001001300000003000900013005001700022008004100039020001100080082001600091100001800107245001300125260003400138300000900172500003500181505002400216650002100240700001800261nice12345678IN_TiNIC20260116011332.0050524s1964 lona grp 000 0 eng  ac14.700a954.91bSTE aStephens, Ian aPakistan aLondonbErnest Benn Ltdc1964 a288p aincludes index and biblioraphy2 aBibliography, Index aPakistan-History1 aStephens, Ian